000 00746nam a2200265 a 4500
003 AR-BaBNM
005 20251128203657.0
008 082120s2002 ||||||||||||||000 | spa||
040 _cAR-BaBNM
100 1 _aCrespo, Osvaldo Victor
245 0 0 _aTrabajos de equipos en la escuela secundaria
250 _a1ª ed.
260 _aBuenos Aires
_bTroquel
_c1969
300 _a197 p.
_bgráfs.
504 _aBibliografía citada p. 191-193
504 _aBibliografía general p. 195-197
650 4 _aTRABAJO EN EQUIPO
650 4 _aDINAMICA DE GRUPO
650 4 _aMETODOS DE EVALUACION
650 4 _aTECNICAS DE ENSEÑANZA
653 _aEDUCACION SECUNDARIA
653 _aINVESTIGACION PARTICIPATIVA
942 _cBK
998 _cCarmen
999 _c4447
_d4447